00464nam a22001577a 45000050016000000100015000160200025000310350013000560370013000690820011000821000015000932450116001082600031002242700029002553000022002842010081308428.0 aENG-100247 a9789380023007c40.00 aEN-83779 bDBAD/PUB a883.08 aVasuki, N. aGeorge Orwell and human predicament :ban thematic study of the novels 'animal farm' and '1984' /cby N. Vasuki aChennaibOzone Booksc2008 aChennaibChennaie600092 a104p.c21cm (pbk)